000 00630nam a2200193Ia 4500
005 20250326141923.0
008 250326s9999 xx 000 0 und d
037 _aTextbook
040 _aFMSL
_beng
_cFMSL
041 _aeng
_2eng
084 _aX:8y7 P0
_qFMSL
100 _aBuller P F
_9745275
245 0 _aManaging organizations and people: Cases in management, organizational behavior and human resource management
_cBuller P F; Schuler R S
250 _a6
260 _aAustralia
_bAustralia, South-Western College Publishing
_c2000
300 _a377p
942 _cTB
_hX:8y7 P0
999 _c1292611
_d1292611